000
00385nam a2200145Ia 4500
008
100122s9999 xx 000 0 und d
082
_b
51133
_a
823.08
100
_a
खांडेकर वि स
245
_a
अस्थी
260
_b
अनुपम प्रकाशन
_c
1976
300
_a
56
630
_a
अस्थी
730
_a
अस्थी
942
_c
BOOK
999
_c
428659
_d
428656